00283nam a22000977a 450000500170000000800410001704100080005810000200006624500890008630000100017520210326112850.0210326b ||||| |||| 00| 0 eng d aeng aKIRLOSKAR, S.L. aTHE MAN WHO MADE MACHINES: biography of the pioneering industrialist from maharastra a278,p